|
|
|
|
| LEADER |
00000cam a2200000 4500 |
| 001 |
vtls012231550 |
| 003 |
SK-MaSNL |
| 005 |
20260301134408.0 |
| 008 |
230606s2022 xo hboefrn 100 0 slo |
| 015 |
|
|
|a SNBA2023/09
|
| 020 |
|
|
|a 9788097288082
|q (brožované)
|
| 020 |
|
|
|a 9788097288099
|q (online)
|
| 040 |
|
|
|a SNK
|b slo
|c SNK
|e rda
|
| 041 |
0 |
|
|a slo
|b eng
|
| 043 |
|
|
|a e-xo---
|
| 044 |
|
|
|a xo
|c SK
|
| 072 |
|
7 |
|a 930.85
|x Dejiny civilizácie. Kultúrne dejiny
|2 konspekt
|
| 080 |
|
|
|a 930.85
|2 2011
|
| 080 |
|
|
|a 904
|2 2011
|
| 080 |
|
|
|a (437.612)
|2 2011
|
| 080 |
|
|
|a (062.534)
|2 2011
|
| 080 |
|
|
|a 7.025.3/.4
|2 2011
|
| 080 |
|
|
|a 711.4
|2 2011
|
| 111 |
2 |
|
|a Kultúrne dedičstvo
|n (5. :
|d 2022 :
|c Skalica, Slovensko)
|4 aut
|9 488184
|
| 245 |
1 |
0 |
|a Kultúrne dedičstvo 2022
|b mesto a kultúrne dedičstvo : zborník príspevkov z konferencie
|c zostavil: Radoslav Ragač
|
| 246 |
3 |
0 |
|a Mesto a kultúrne dedičstvo
|
| 264 |
|
1 |
|a Banská Štiavnica
|b Združenie historických miest a obcí Slovenskej republiky
|c 2022
|
| 300 |
|
|
|a 69 strán
|b faksimile, fotografie (prevažne farebné), mapy, plány, schémy
|c 24 cm
|
| 336 |
|
|
|a text
|b txt
|2 rdacontent
|
| 336 |
|
|
|a statický obraz
|b sti
|2 rdacontent
|
| 337 |
|
|
|a bez média
|b n
|2 rdamedia
|
| 338 |
|
|
|a zväzok
|b nc
|2 rdacarrier
|
| 366 |
|
|
|e 200 kusov
|
| 500 |
|
|
|a Zborník je zostavený z príspevkov 5. ročníka konferencie Kultúrne dedičstvo 2022: Mesto a kultúrne dedičstvo, ktorá sa konala pri príležitosti Dní európskeho kultúrneho dedičstva 2. septembra 2022 na Mestskom úrade v Skalici
|
| 504 |
|
|
|a Bibliografia za jednotlivými príspevkami. Bibliografické odkazy
|
| 546 |
|
|
|a Anglické resumé
|
| 650 |
0 |
7 |
|a kultúrne dedičstvo
|2 SNKPH
|9 4195
|
| 650 |
0 |
7 |
|a ochrana kultúrnych pamiatok
|2 SNKPH
|9 2861
|
| 650 |
0 |
7 |
|a Cultural heritage
|2 SNKPHeng
|9 265420
|
| 650 |
0 |
7 |
|a Protection of cultural property
|2 SNKPHeng
|9 265947
|
| 650 |
0 |
7 |
|a pamiatky
|2 SNKPH
|9 3808
|
| 650 |
0 |
7 |
|a Antiquities
|2 SNKPHeng
|9 101106
|
| 650 |
0 |
7 |
|a mestá
|2 SNKPH
|9 2929
|
| 650 |
0 |
7 |
|a Towns
|2 SNKPHeng
|9 270165
|
| 651 |
|
7 |
|a Skalica (Slovensko)
|2 SNKPHgeo
|9 25101
|
| 651 |
|
7 |
|a Skalica (Slovakia)
|2 SNKPHeng
|9 288422
|
| 655 |
|
7 |
|a zborníky konferencií
|2 SNKPH
|9 70153
|
| 655 |
|
7 |
|a Proceedings of conferences
|2 SNKPHeng
|9 265791
|
| 700 |
1 |
|
|a Ragač, Radoslav,
|d 1975-
|4 com
|9 103568
|
| 852 |
|
|
|a Slovenská národná knižnica
|
| 919 |
|
|
|a 978-80-972880-8-2
|
| 919 |
|
|
|a 978-80-972880-9-9
|
| 954 |
|
|
|a odborná, vedecká literatúra pôvodná (slovenská)
|2 lita
|
| 958 |
|
|
|a NB
|
| 999 |
|
|
|c 756949
|d 758879
|
| 952 |
|
|
|a SNK
|b SNK
|y PREZ
|7 0
|p 17A1528527
|o snkSC 202773
|i snk2023/10403
|8 0
|0 0
|1 0
|4 0
|d 2023-07-04
|l 0
|r 2025-10-27 00:00:00
|w 2026-02-23
|
| 952 |
|
|
|a SNK
|b SNK
|y VYP
|7 0
|p 17A1528528
|o snkSC 202773 D1
|i snk2023/10405
|8 0
|0 0
|1 0
|4 0
|d 2023-07-04
|l 0
|r 2026-02-23 23:52:24
|w 2026-02-23
|